| 000 | 00829nam a2200301 i 4500 | ||
|---|---|---|---|
| 001 | 17445 | ||
| 003 | ES-MaACL | ||
| 005 | 20250718062532.0 | ||
| 007 | t| | ||
| 008 | 010306s2000 sp ||||1| spa d | ||
| 020 | _a84-493-0818-6 | ||
| 080 | _a111.83 | ||
| 080 | _a130.2 | ||
| 080 | _a17 | ||
| 100 | 1 |
_aRorty, Richard. _999561 |
|
| 245 | 1 | 0 |
_aVerdad y progreso / _cRichard Rorty. |
| 260 |
_aBarcelona : _bPaidós Ibérica, _c[2000] |
||
| 300 |
_a399 p. ; _c22 cm. |
||
| 490 | 1 |
_aEscritos filosóficos ; _v3 |
|
| 490 | 1 |
_aPaidós básica ; _v104 |
|
| 650 | 1 | 4 |
_aVerdad. _917765 |
| 650 | 1 | 4 |
_aProgreso. _916469 |
| 650 | 1 | 7 |
_aÉtica _2embne _912577 |
| 830 | 0 |
_aEscritos filosóficos ; _v3 _9228714 |
|
| 830 | 0 |
_aPaidós básica ; _v104 _9178397 |
|
| 852 |
_aES-MaACL _jL-24329 _bR.129505 |
||
| 999 |
_c17445 _d17445 |
||